Carregant...

Mastering Perl /

Dades bibliogràfiques
Autor principal: Foy, Brian D.
Format: Printed Book
Idioma:English
Edició:Second edition.
Matèries:
LEADER 00866cam a2200217 i 4500
008 141224s2014 caua b 001 0 eng
999 |c 335679  |d 335679 
010 |a  2014497690 
020 |a 9789351104636 (paperback) 
042 |a pcc 
082 0 0 |a 005.13/3  |2 23 
100 1 |a Foy, Brian D., 
245 1 0 |a Mastering Perl /  |c Brian D. Foy. 
250 |a Second edition. 
300 |a xx, 376 pages :  |b illustrations ;  |c 24 cm 
504 |a Includes bibliographical references (pages 355-357) and indexes. 
650 0 |a Perl (Computer program language) 
942 |c BK 
906 |a 7  |b cbc  |c origcop  |d 2  |e ncip  |f 20  |g y-gencatlg 
955 |b rk12 2014-12-24  |i rk12 2014-12-31 to Dewey 
952 |0 0  |1 0  |2 ddc  |4 0  |6 005_130000000000000_3_FOY_M  |7 0  |9 384403  |a DCS  |b DCS  |c ST1  |d 2019-05-27  |e publication division, university of calicut  |g 800.00  |l 0  |o 005.13/3 FOY/M  |p DCS1264  |r 2019-05-27  |w 2019-05-27  |y BK